[Event "AUT-chT 1516"]
[Site "Austria"]
[Date "2015.11.06"]
[Round "2.6"]
[White "Martinovic, Sasa"]
[Black "Prusikin, Michael"]
[Result "1-0"]
[WhiteElo "2517"]
[BlackElo "2532"]
[PlyCount "27"]
[EventDate "2015.11.05"]
[EventType "team-tourn"]
[EventRounds "11"]
[EventCountry "AUT"]
[SourceTitle "CBM 169 Extra"]
[Source "ChessBase"]
[SourceDate "2015.12.18"]
[SourceVersion "1"]
[SourceVersionDate "2015.12.18"]
[SourceQuality "1"]
[WhiteTeam "Hohenems"]
[BlackTeam "Salzburg Royal"]
[WhiteTeamCountry "AUT"]
[BlackTeamCountry "AUT"]

1. Nf3 Nf6 2. g3 d5 3. Bg2 c6 4. d3 Bf5 5. Nh4 Bg6 6. Nxg6 hxg6 7. O-O $146 ({RR} 7. b3 Nbd7 8. Nd2 e6 9. Bb2 Bc5 10. e3 Qe7 11. a3 a5 12. Qe2 O-O 13. f4 Bd6 14. d4 c5 15. c4 Rfc8 16. O-O b6 17. Kh1 a4 18. dxc5 bxc5 19. e4 dxe4 20. Nxe4 Nxe4 21. Bxe4 Ra7 {Petran,P (2368)-Krzyzanowski,M (2176) Frydek Mistek 2008 0-1 (42)}) ({RR} 7. Nd2 e6 8. O-O Nbd7 9. e4 Be7 10. Qe2 Qc7 11. Nf3 dxe4 12. dxe4 e5 13. Ng5 Nh7 14. Nxh7 Rxh7 15. c3 a5 16. h4 Nc5 17. Be3 Ne6 18. Bh3 Nf8 19. Rad1 g5 20. h5 Rh6 21. Bf5 Rd8 {Karjakin,S (2756)-Dominguez Perez,L (2754) Beijing 2013 1-0 (67)}) ({RR} 7. e3 e5 8. Qe2 Nbd7 9. b3 Bd6 10. Bb2 Qe7 11. a3 Nc5 12. Nd2 Ne6 13. h3 Nc5 14. O-O O-O 15. Rae1 Rfe8 16. e4 dxe4 17. dxe4 b5 18. f4 Nh5 19. Qf3 Nd7 20. f5 Nhf6 21. g4 g5 {Gutierrez Olivares,D (2354)-Kamsky,G (2634) chess.com INT 2023 0-1 (38)}) ({RR} 7. Nd2 e5 8. c4 Bc5 9. e3 O-O 10. O-O Qe7 11. Qc2 a5 12. cxd5 cxd5 13. d4 exd4 14. Nb3 Bb6 15. Nxd4 Na6 16. Qb3 Qd6 17. Bd2 Nc5 18. Qb5 Nce4 19. Rad1 Rfc8 20. Qd3 Nxd2 21. Rxd2 Qb4 {Gronn,A (2419)-Hole,O (2360) Oslo 2007 ½-½ (42)}) 7... Nbd7 8. c4 dxc4 9. dxc4 Qa5 10. Nc3 Nb6 11. Qb3 Ng4 12. Ne4 Nxh2 13. Rd1 Qa4 14. Nc5 1-0

[Event "Cuernavaca Sisniega Memorial"]
[Site "Cuernavaca"]
[Date "2015.11.15"]
[Round "8"]
[White "Obregon Rivero, Juan Carlos"]
[Black "Quesada Perez, Yasser"]
[Result "1-0"]
[WhiteElo "2546"]
[BlackElo "2504"]
[PlyCount "125"]
[EventDate "2015.11.11"]
[EventType "swiss"]
[EventRounds "9"]
[EventCountry "MEX"]
[SourceTitle "CBM 169 Extra"]
[Source "ChessBase"]
[SourceDate "2015.12.18"]
[SourceVersion "1"]
[SourceVersionDate "2015.12.18"]
[SourceQuality "1"]

1. Nf3 d5 2. c4 dxc4 3. Na3 a6 ({RR} 3... Be6 4. e4 Nf6 5. e5 Ne4 6. Nxc4 Bd5 7. Be2 e6 8. O-O Ng5 9. Nxg5 Qxg5 10. Ne3 Bc6 11. d4 Qd8 12. f4 g6 13. Bc4 Be4 14. d5 exd5 15. Bxd5 Bxd5 16. Nxd5 Bg7 17. Qb3 b6 18. f5 {Lombard,A (2420)-Knezevic,M (2460) Budapest 1976 1-0}) 4. g3 b5 5. Bg2 Bb7 6. b3 $146 ({RR} 6. O-O e6 7. b3 cxb3 8. Qxb3 Nf6 {0-1 (8) Couso,L (2297)-Semcesen,D (2387) Stockholm 2009}) ({RR} 6. O-O Nf6 7. b3 cxb3 8. axb3 e6 9. Bb2 Be7 10. d3 O-O 11. Qd2 Nbd7 12. Rfc1 Nc5 13. Qc2 Bd5 14. Nd4 Bxg2 15. Kxg2 Qd7 16. Rd1 e5 17. Nf3 Qd5 18. Bxe5 Nxb3 19. Ra2 c5 20. Nc4 Nd4 {Berger,A (1869)-Tsoukkerman,B (1907) Germany 2019 ½-½}) 6... cxb3 7. Qxb3 e6 8. d4 Nf6 9. O-O Nbd7 10. Rd1 Bd5 11. Qb2 c5 12. Nc2 Qb6 13. a4 bxa4 14. Ne3 Qxb2 15. Bxb2 Bb3 16. Rdc1 Rb8 17. Nd2 Nd5 18. Nec4 f5 19. Nxb3 Rxb3 20. Rxa4 N7b6 21. Nxb6 Nxb6 22. Ra2 c4 23. Rc2 Bd6 24. Rxa6 Ke7 25. e4 Rc8 26. exf5 exf5 27. d5 g6 28. h4 Bc5 29. Kh2 Kd6 30. Bf1 c3 31. Bxc3 Bxf2 32. Bb4+ Kxd5 33. Ra5+ Ke6 34. Rxc8 Rxb4 35. Rc6+ Ke7 36. Ra2 Bd4 37. Bg2 Nd7 38. Rc7 Kd6 39. Rc6+ Ke7 40. Rc7 Kd6 41. Rb7 Rxb7 42. Bxb7 Be5 43. Ra6+ Ke7 44. Bd5 Nf6 45. Re6+ Kd7 46. Kg2 Ng4 47. Ba2 Bd6 48. Re1 Nf6 49. Be6+ Kd8 50. Kf3 Ke7 51. Bxf5+ Kf7 52. Be6+ Kg7 53. g4 h6 54. Ra1 Be7 55. Ra7 Kf8 56. Ra8+ Kg7 57. g5 hxg5 58. hxg5 Nh5 59. Ra7 Kf8 60. Kg4 Bd6 61. Rf7+ Ke8 62. Rf3 Ke7 63. Ba2 1-0

[Event "EU-chT (Men) 20th"]
[Site "Reykjavik"]
[Date "2015.11.19"]
[Round "6.3"]
[White "Almasi, Zoltan"]
[Black "Tari, Aryan"]
[Result "1-0"]
[WhiteElo "2689"]
[BlackElo "2532"]
[PlyCount "113"]
[EventDate "2015.11.13"]
[EventType "team-swiss"]
[EventRounds "9"]
[EventCountry "ISL"]
[SourceTitle "CBM 170"]
[Source "ChessBase"]
[SourceDate "2016.01.15"]
[SourceVersion "1"]
[SourceVersionDate "2016.01.15"]
[SourceQuality "1"]
[WhiteTeam "Hungary"]
[BlackTeam "Norway"]
[WhiteTeamCountry "HUN"]
[BlackTeamCountry "NOR"]
[WhiteClock "0:04:15"]
[BlackClock "0:04:37"]

1. Nf3 d5 2. g3 g6 3. c4 dxc4 4. Na3 Bg7 5. Nxc4 Nc6 6. d3 e5 7. Bd2 Be6 8. Rc1 Nge7 9. Bg2 O-O 10. O-O h6 ({RR} 10... a5 11. b3 f6 12. Qe1 b6 13. Rc2 Qd7 14. Qc1 Rac8 15. Re1 Bd5 16. Ne3 Bxf3 17. Bxf3 Nd4 18. Bb7 Nxc2 19. Bxc8 Rxc8 20. Qxc2 Qe6 21. Rc1 c5 22. Qc4 Kf7 23. Qxe6+ Kxe6 24. Nc4 Rb8 25. f4 {Sagit,R (2375)-Tari,A (2556) Stockholm 2016 1-0 (60)}) 11. Qc2 $146 ({RR} 11. b4 a6 12. a3 g5 13. Na5 Nxa5 14. bxa5 Re8 15. Bc3 Ng6 16. Qa4 Bd5 17. Rfd1 b5 18. Qc2 c5 19. Bd2 Rc8 20. Qb1 e4 21. Ne1 exd3 22. Qxd3 Bxg2 23. Kxg2 Qe7 24. a4 c4 25. Qb1 Qb7+ {Petrosian,T (2561)-Vachier Lagrave,M (2731) Samarkand UZB 2023 0-1 (37)}) ({RR} 11. b4 a6 12. a4 f6 13. b5 axb5 14. axb5 Nb8 15. Qc2 c6 16. Rb1 Nd7 17. Nd6 Ra2 18. Qc1 Qc7 19. bxc6 Qxd6 20. cxd7 Qxd7 21. Rb2 Rfa8 22. Qb1 Rxb2 23. Qxb2 Ra2 24. Qc1 g5 25. Re1 e4 {Povshednyi,I (2352)-Solomon,K (2271) chess.com INT 2024 0-1 (84)}) ({RR} 11. b4 a6 12. a4 Rb8 13. b5 axb5 14. axb5 Nd4 15. b6 Nxf3+ 16. Bxf3 c6 17. Bb4 Ra8 18. Bd6 Qd7 19. Bc7 Nc8 20. Nxe5 Bxe5 21. Bxe5 Nxb6 22. Rb1 Nd5 23. Qd2 Kh7 24. Rfc1 Ra4 25. Ra1 Rfa8 {Pantsulaia,L (2581)-Nyambalo,J (1981) Chennai 2022 1-0 (35)}) 11... Qd7 12. b4 b5 13. Na5 Nxa5 14. bxa5 c6 15. Bc3 Qc7 16. Qb2 f6 17. Bb4 Rfd8 18. Bxe7 Qxe7 19. Rxc6 Bd5 20. Nh4 e4 21. Bxe4 Bxc6 22. Bxc6 Rac8 23. Qxb5 Kh7 24. e4 Rb8 25. Qc4 Rb4 26. Qa6 Qc5 27. a3 Rbd4 28. Bd5 Rd6 29. Qb7 R6xd5 30. exd5 Qxd5 31. Qxa7 Rxd3 32. Qe7 Qd6 33. Qxd6 Rxd6 34. Rb1 Rd5 35. a6 Ra5 36. Rb6 Rxa3 37. Kg2 Ra5 38. Rd6 g5 39. Nf3 f5 40. Nd2 Ra4 41. Nb3 Ra3 42. Nc5 Bf8 43. Rd7+ Kg6 44. Ne6 Bb4 45. a7 Ra2 46. Kf1 Ra1+ 47. Ke2 Ra2+ 48. Kd3 Be1 49. f3 Bf2 50. Nd4 Bxd4 51. Kxd4 g4 52. fxg4 fxg4 53. Kc5 Kf5 54. Kb6 Ke6 55. Rd8 Rb2+ 56. Kc5 Rc2+ 57. Kb4 1-0

[Event "EU-chT (Men) 20th"]
[Site "Reykjavik"]
[Date "2015.11.20"]
[Round "7.3"]
[White "Pantsulaia, Levan"]
[Black "Kryvoruchko, Yuriy"]
[Result "1-0"]
[WhiteElo "2567"]
[BlackElo "2717"]
[PlyCount "79"]
[EventDate "2015.11.13"]
[EventType "team-swiss"]
[EventRounds "9"]
[EventCountry "ISL"]
[SourceTitle "CBM 170"]
[Source "ChessBase"]
[SourceDate "2016.01.15"]
[SourceVersion "1"]
[SourceVersionDate "2016.01.15"]
[SourceQuality "1"]
[WhiteTeam "Georgia"]
[BlackTeam "Ukraine"]
[WhiteTeamCountry "GEO"]
[BlackTeamCountry "UKR"]
[WhiteClock "0:30:34"]
[BlackClock "0:01:31"]

1. Nf3 d5 2. g3 g6 3. Bg2 Bg7 4. O-O e5 5. d3 Ne7 6. e4 O-O 7. c3 Nbc6 8. Qc2 a5 9. a4 h6 10. Na3 Be6 11. Nb5 f5 $146 ({RR} 11... Qd7 12. b3 Rfe8 13. Re1 Rad8 14. Ba3 g5 15. h4 g4 16. Nd2 f5 17. Rad1 f4 18. exd5 Nxd5 19. Nc4 f3 20. Bf1 Bf5 21. Nd2 Qf7 22. Ne4 b6 23. Bc1 Rd7 24. Na3 Nce7 25. Nc4 Ng6 26. Ba3 {Pantsulaia,L (2612)-Ding,L (2777) Riadh 2017 1-0 (41)}) ({RR} 11... Qd7 12. Re1 Rad8 13. b3 f5 14. Ba3 fxe4 15. dxe4 d4 16. Rad1 Bg4 17. Rd3 Rf7 18. Nd2 Nc8 19. Nc4 Be6 20. cxd4 exd4 21. Red1 g5 22. Bc5 Bxc4 23. bxc4 Nb4 24. Bxb4 axb4 25. e5 Bxe5 26. Bd5 {Pantsulaia,L (2597)-Potkin,V (2597) St Petersburg 2018 1-0}) 12. exd5 Bxd5 13. b3 g5 14. Ba3 Re8 15. Rad1 Ng6 16. d4 Be4 17. Qc1 exd4 18. cxd4 g4 19. Ne1 Rc8 20. Qc4+ Kh7 21. Nd3 Qf6 22. Bxe4 Rxe4 23. Nc5 Rxd4 24. Nxd4 Nxd4 25. Nd7 Nf3+ 26. Kh1 Qg5 27. Qf7 Kh8 28. Rd3 Qh5 29. h4 Nfxh4 30. gxh4 Qxh4+ 31. Kg1 Nf4 32. Qxf5 Nxd3 33. Qxd3 Rd8 34. Qe4 Qh5 35. Qe7 Ra8 36. Bc1 Qf5 37. Re1 Ra6 38. Bb2 Rg6 39. Qe8+ Kh7 40. Re7 1-0

[Event "Zadar op-A"]
[Site "Zadar"]
[Date "2015.12.19"]
[Round "9"]
[White "Kozul, Zdenko"]
[Black "Postny, Evgeny"]
[Result "1-0"]
[WhiteElo "2602"]
[BlackElo "2670"]
[Annotator "Besenthal,Klaus Guenter"]
[PlyCount "113"]
[EventDate "2015.12.13"]
[EventType "swiss"]
[EventRounds "9"]
[EventCountry "CRO"]
[SourceTitle "EXT 2017"]
[Source "ChessBase"]
[SourceDate "2016.10.25"]
[SourceVersion "1"]
[SourceVersionDate "2016.10.25"]
[SourceQuality "1"]

1. Nf3 d5 2. g3 c6 3. Bg2 Bg4 4. O-O Nd7 5. h3 Bh5 6. d3 e5 7. c4 dxc4 8. dxc4 Ngf6 9. Nh4 ({RR} 9. Nc3 Be7 10. Nh4 O-O 11. b3 Qc7 12. Nf5 Bb4 13. Bb2 Rfd8 14. Qc2 Bg6 15. e4 Bf8 16. Nh4 Nc5 17. Rad1 a5 18. Nxg6 hxg6 19. Ne2 Ne6 20. Qc3 Nd7 21. h4 Bb4 22. Qc2 Bc5 23. Bh3 Ndf8 {Praggnanandhaa,R (2727)-Gukesh,D (2758) Kolkata IND 2023 1-0 (50)}) 9... Bc5 10. Nc3 O-O 11. Na4 $146 ({RR} 11. Qc2 Re8 12. b3 Bg6 13. Nxg6 hxg6 14. Bb2 Qe7 15. Rad1 Rad8 16. e3 Ba3 17. Ba1 Bb4 18. Ne4 Nxe4 19. Bxe4 f5 20. Bf3 e4 21. Be2 Bd6 22. Bd4 c5 23. Bc3 Be5 24. Rd5 Bxc3 25. Qxc3 Nf6 {Praggnanandhaa,R (2684)-Maghsoodloo,P (2719) Kolkata IND 2022 1-0 (38)}) ({RR} 11. Qc2 Re8 12. b3 Bg6 13. Nxg6 hxg6 14. Bb2 Qe7 15. Rad1 Rad8 16. e3 Ba3 17. Ba1 Bb4 18. Ne4 Nxe4 19. Bxe4 f5 20. Bf3 e4 21. Be2 Bd6 22. Bd4 c5 23. Bc3 Be5 24. Rd5 Bxc3 25. Qxc3 Nf6 {Praggnanandhaa,R (2684)-Maghsoodloo,P (2719) Kolkata IND 2022 1-0 (38)}) 11... Qc7 12. Bg5 Be7 13. Nf5 Bd8 14. c5 Bg6 15. e4 b5 16. cxb6 axb6 17. Be3 b5 18. Nc3 b4 19. Na4 Bxf5 20. exf5 e4 21. b3 {In der jetzt erreichten Stellung hat Schwarz drei Bauern, die zur Schwäche neigen (b4, c6, e4), während es beim Weißen nur zwei sind (a2, f5). Außerdem käme Weiß eine weitere Öffnung der Stellung natürlich entgegen, da er über das Läuferpaar verfügt. Letztlich kommt es genau so: Alle genannten Bauern verschwinden vom Brett und der weiße Lg2 erwacht zum Leben. Schwarz hätte zunächst den Be4 sorgfältig decken müssen.} Nd5 (21... Qe5 {Wäre ein guter Zug gewesen: Schwarz kassiert den Bf5 sofort ein und gibt im Gegenzug den Bc6 auf. Mit Zügen wie Te8 und Le7 kann er die verbleibenden Bauern b4 und e4 danach zunächst stärken, bevor er dann evtl. sogar von seinem Raumvorteil profitieren könnte. Im Gegensatz zur Partiefortsetzung hätte Schwarz hier den Vorteil, das Feld c5 nicht für den weißen Springer freizugeben.}) 22. Bd4 N7f6 (22... e3 23. Bxd5 cxd5 24. Bxe3 Qe5 25. Qd3 {hätte es Schwarz zwar gestattet, sich von der Schwäche e4 zu befreien, doch wäre er auch hier mit einem Minusbauern zurückgeblieben.}) 23. Re1 {Weiß greift jetzt mit allen seinen Kräften den Be4 an. Es war zu diesem Zeitpunkt schwer zu sehen, wie schnell dies zum Erfolg führen würde.} Qc8 24. Rc1 Qxf5 25. Rxc6 h5 26. Qc2 Re8 27. Rc4 Rb8 28. Nc5 Bb6 29. Nxe4 Bxd4 30. Rxd4 Kh8 31. Qd2 Nc3 32. Nxc3 Rxe1+ 33. Qxe1 bxc3 34. Qxc3 Qb1+ 35. Bf1 Qxa2 {Diese Stellung ist natürlich für Weiß glatt gewonnen.} 36. b4 Qa7 37. b5 Re8 38. Rb4 Qb8 39. Bg2 Rc8 40. Rc4 Rd8 41. Qb3 Qb6 42. Rc6 Qa5 43. Rc1 Qb6 44. Qb4 Kg8 45. Bf1 h4 46. Qxh4 Qa5 47. Qc4 Re8 48. Qc7 Qd2 49. Qc2 Qa5 50. Qb3 Ne4 51. Qe3 Nf6 52. Qc3 Qd8 53. Bg2 Qd6 54. Qc6 Qa3 55. b6 Re6 56. Qc8+ Re8 57. b7 1-0

[Event "Yerevan Mayor Cup KO"]
[Site "Yerevan"]
[Date "2015.12.15"]
[Round "1.1"]
[White "Petrosian, Tigran L"]
[Black "Ter Sahakyan, Samvel"]
[Result "1-0"]
[WhiteElo "2625"]
[BlackElo "2604"]
[PlyCount "85"]
[EventDate "2015.12.15"]
[EventType "k.o. (rapid)"]
[EventRounds "3"]
[EventCountry "ARM"]
[SourceTitle "EXT 2017"]
[Source "ChessBase"]
[SourceDate "2016.10.25"]
[SourceVersion "1"]
[SourceVersionDate "2016.10.25"]
[SourceQuality "1"]

1. Nf3 c5 2. g3 Nc6 3. Bg2 g6 4. c3 Bg7 5. d4 cxd4 6. cxd4 d5 7. Nc3 e6 8. h4 h6 ({RR} 8... Nf6 9. Bg5 h6 10. Bf4 Ne4 11. O-O Nxc3 12. bxc3 O-O 13. Qc1 Kh7 14. Qc2 f5 15. c4 dxc4 16. Qxc4 Bd7 17. Bd6 Re8 18. h5 gxh5 19. e4 Rc8 20. Qd3 Ne7 21. Nh4 Bb5 22. Qxb5 Qxd6 23. Rad1 {Pap,G (2425)-Doery,J (2171) Hungary HUN 2022 1-0 (32)}) 9. Bf4 Nge7 10. Qd2 a6 ({RR} 10... Qb6 11. Rd1 Nf5 12. e4 dxe4 13. Nxe4 O-O 14. g4 Nfxd4 15. Nxd4 Nxd4 16. Bxh6 e5 17. Qg5 Bxh6 18. Qxh6 Rd8 19. O-O Bxg4 20. Rd2 Nf3+ 21. Bxf3 Bxf3 22. Ng5 Qf6 23. Qh7+ Kf8 24. Nxf3 Ke7 25. Rxd8 {Petrosian,T (2671)-Mchedlishvili,M (2586) Dubai 2015 ½-½ (31)}) 11. Rd1 $146 ({RR} 11. g4 b5 12. a4 b4 13. Na2 Qb6 14. O-O h5 15. gxh5 Rxh5 16. a5 Qxa5 17. Rfc1 Qb6 18. Bd6 b3 19. Nb4 Nxb4 20. Bxb4 Nc6 21. Ba3 Bd7 22. Qf4 Nxd4 23. Nxd4 Bxd4 24. e4 Be5 25. Qd2 dxe4 {Loeffler,S (2400)-Sokolowski,R (2210) Koszalin 1997 0-1 (53)}) 11... Nf5 12. e4 dxe4 13. Nxe4 O-O 14. g4 Nfxd4 15. Nxd4 Qxd4 16. Bxh6 Qxd2+ 17. Bxd2 e5 18. g5 Bg4 19. f3 Bf5 20. Bc3 Rfd8 21. Kf2 Nd4 22. Rhe1 Nc2 23. Rxd8+ Rxd8 24. Rc1 Nd4 25. Nf6+ Bxf6 26. gxf6 Nc6 27. Re1 Rd6 28. f4 exf4 29. Re8+ Kh7 30. Kf3 b5 31. a3 a5 32. Rf8 Be6 33. Kxf4 b4 34. axb4 axb4 35. Be1 Rd1 36. Bf2 Nd4 37. h5 Rd2 38. hxg6+ Kxg6 39. Be4+ Kxf6 40. Bh4+ Kg7 41. Rb8 Rxb2 42. Ke5 Rh2 43. Bf6+ 1-0

[Event "Yerevan Mayor Cup KO"]
[Site "Yerevan"]
[Date "2015.12.15"]
[Round "1.2"]
[White "Grigoryan, Karen H"]
[Black "Hovhannisyan, Robert"]
[Result "1-0"]
[WhiteElo "2602"]
[BlackElo "2624"]
[PlyCount "100"]
[EventDate "2015.12.15"]
[EventType "k.o. (rapid)"]
[EventRounds "3"]
[EventCountry "ARM"]
[SourceTitle "EXT 2017"]
[Source "ChessBase"]
[SourceDate "2016.10.25"]
[SourceVersion "1"]
[SourceVersionDate "2016.10.25"]
[SourceQuality "1"]

1. Nf3 d5 2. g3 Bg4 3. Bg2 c6 4. O-O Nd7 5. d3 e6 6. Nbd2 Bd6 7. h3 Bh5 8. e4 Ne7 9. b3 Be5 ({RR} 9... O-O 10. Bb2 e5 11. d4 f5 12. dxe5 Bxe5 13. Bxe5 Nxe5 14. exf5 Nxf3+ 15. Nxf3 Bxf3 16. Qxf3 Nxf5 17. Qd3 Qf6 18. c4 dxc4 19. Qxc4+ Qf7 20. Qc5 Qe7 21. Qxe7 Nxe7 22. Rfe1 Nf5 23. Rad1 Rad8 24. Rxd8 {Movsesian,S (2711)-Fressinet,L (2658) Ohrid 2009 1-0 (62)}) ({RR} 9... O-O 10. Bb2 a5 11. a3 Qb6 12. Qe1 Rae8 13. Kh1 e5 14. Nh2 f6 15. f4 exf4 16. gxf4 Qc7 17. Qh4 Bf7 18. e5 fxe5 19. f5 Kh8 20. Ng4 Ng8 21. Nf3 Ndf6 22. Ng5 h6 23. Rae1 Nxg4 24. hxg4 {Gubajdullin,A (2238)-Filgueira,H (2283) chess.com INT 2024 1-0 (34)}) ({RR} 9... O-O 10. Bb2 a5 11. a3 b5 12. Qe1 a4 13. b4 Qb8 14. Nh4 f6 15. exd5 exd5 16. Qe6+ Bf7 17. Qxd7 h5 18. Nf5 Nxf5 19. Qxf5 h4 20. Qg4 hxg3 21. Bxf6 gxf2+ 22. Rxf2 g6 23. Qh4 {1-0 (23) Grigoryan,K (2602)-Hovhannisyan,R (2624) Yerevan 2015}) 10. Rb1 Bc3 11. b4 Ne5 $146 ({RR} 11... a5 12. a3 axb4 13. axb4 Ra4 14. Bb2 Bxb2 15. Rxb2 Ra3 16. b5 O-O 17. bxc6 bxc6 18. Qb1 Qa8 19. Rb7 Ra7 20. Rb4 h6 21. Qb2 Ra2 22. Qc3 c5 23. Rb2 Ra3 24. Rb3 Rxb3 25. Qxb3 Bxf3 26. Bxf3 {Kjartansson,G (2454)-Steingrimsson,H (2549) Akureyri 2019 ½-½ (79)}) 12. g4 Nxf3+ 13. Nxf3 Bg6 14. Rb3 d4 15. Nd2 h5 16. f4 hxg4 17. hxg4 f5 18. b5 Qc7 19. bxc6 Nxc6 20. exf5 exf5 21. Qe2+ Kd7 22. gxf5 Bxf5 23. Ne4 Rae8 24. Nc5+ Kc8 25. Qf3 Bb4 26. Nxb7 Qxb7 27. a3 Na5 28. Qxb7+ Nxb7 29. Rxb4 Nd6 30. Rxd4 Rh6 31. Kf2 Bg4 32. Re1 Rxe1 33. Kxe1 Nf5 34. Rc4+ Kd8 35. Kf2 Re6 36. Re4 Rb6 37. Bd2 Rb2 38. Rc4 Rb1 39. Ba5+ Kd7 40. Rc7+ Kd6 41. Rxa7 Rc1 42. Bb4+ Ke6 43. Rc7 Nd4 44. a4 Bf5 45. a5 Rxc2+ 46. Rxc2 Nxc2 47. a6 Nxb4 48. a7 Nxd3+ 49. Ke3 Nxf4 50. Kxf4 Kd6 1-0

[Event "Yerevan Mayor Cup KO"]
[Site "Yerevan"]
[Date "2015.12.15"]
[Round "1.3"]
[White "Grigoryan, Karen H"]
[Black "Hovhannisyan, Robert"]
[Result "1-0"]
[WhiteElo "2602"]
[BlackElo "2624"]
[PlyCount "45"]
[EventDate "2015.12.15"]
[EventType "k.o. (rapid)"]
[EventRounds "3"]
[EventCountry "ARM"]
[SourceTitle "EXT 2017"]
[Source "ChessBase"]
[SourceDate "2016.10.25"]
[SourceVersion "1"]
[SourceVersionDate "2016.10.25"]
[SourceQuality "1"]

1. Nf3 d5 2. g3 Bg4 3. Bg2 c6 4. O-O Nd7 5. d3 e6 6. Nbd2 Bd6 7. h3 Bh5 8. e4 Ne7 9. b3 O-O 10. Bb2 a5 ({RR} 10... e5 11. d4 f5 12. dxe5 Bxe5 13. Bxe5 Nxe5 14. exf5 Nxf3+ 15. Nxf3 Bxf3 16. Qxf3 Nxf5 17. Qd3 Qf6 18. c4 dxc4 19. Qxc4+ Qf7 20. Qc5 Qe7 21. Qxe7 Nxe7 22. Rfe1 Nf5 23. Rad1 Rad8 24. Rxd8 Rxd8 25. g4 {Movsesian,S (2711)-Fressinet,L (2658) Ohrid 2009 1-0 (62)}) ({RR} 10... Be5 11. d4 Bc7 12. Qe1 a5 13. a3 dxe4 14. Nxe4 a4 15. b4 b5 16. Nc5 Nd5 17. Nxd7 Qxd7 18. Rc1 Bg6 19. Qe2 Nb6 20. Nd2 Rac8 21. c4 bxc4 22. Nxc4 Nxc4 23. Qxc4 Bb6 24. Bxc6 Qd6 25. b5 {Grigoryan,K (2602)-Hovhannisyan,R (2624) Yerevan 2015 1-0 (65)}) 11. a3 b5 ({RR} 11... Qb6 12. Qe1 Rae8 13. Kh1 e5 14. Nh2 f6 15. f4 exf4 16. gxf4 Qc7 17. Qh4 Bf7 18. e5 fxe5 19. f5 Kh8 20. Ng4 Ng8 21. Nf3 Ndf6 22. Ng5 h6 23. Rae1 Nxg4 24. hxg4 Qd8 25. Bc1 Be7 26. Nxf7+ {Gubajdullin,A (2238)-Filgueira,H (2283) chess.com INT 2024 1-0 (34)}) 12. Qe1 a4 $146 ({RR} 12... Bc7 13. Nh4 f5 14. f4 Re8 15. e5 Nf8 16. Ndf3 h6 17. Nh2 g5 18. N4f3 gxf4 19. gxf4 Neg6 20. Nd4 Bb6 21. Kh1 Rc8 22. Ne2 Qh4 23. Qxh4 Nxh4 24. Ng3 Bf7 25. Nf3 Nxf3 26. Bxf3 Kh7 27. Nh5 {Hartoch,R (2370)-Winants,L (2455) Rotterdam 1990 0-1 (43)}) ({RR} 12... c5 13. Nh4 Qc7 14. exd5 exd5 15. g4 Bg6 16. Nxg6 hxg6 17. c4 Rae8 18. cxb5 a4 19. Qd1 Qa5 20. bxa4 Nb6 21. Rb1 Nxa4 22. Ba1 Nb6 23. Qc1 Ra8 24. Bc3 Qxa3 25. Ra1 Qxc1 26. Rfxc1 Na4 27. Nb3 {Heberla,B (2417)-Zubarev,A (2470) Barlinek 2002 0-1}) 13. b4 Qb8 14. Nh4 f6 15. exd5 exd5 16. Qe6+ Bf7 17. Qxd7 h5 18. Nf5 Nxf5 19. Qxf5 h4 20. Qg4 hxg3 21. Bxf6 gxf2+ 22. Rxf2 g6 23. Qh4 1-0

[Event "Yerevan Mayor Cup KO"]
[Site "Yerevan"]
[Date "2015.12.15"]
[Round "1.4"]
[White "Grigoryan, Karen H"]
[Black "Hovhannisyan, Robert"]
[Result "1-0"]
[WhiteElo "2602"]
[BlackElo "2624"]
[PlyCount "129"]
[EventDate "2015.12.15"]
[EventType "k.o. (rapid)"]
[EventRounds "3"]
[EventCountry "ARM"]
[SourceTitle "EXT 2017"]
[Source "ChessBase"]
[SourceDate "2016.10.25"]
[SourceVersion "1"]
[SourceVersionDate "2016.10.25"]
[SourceQuality "1"]

1. Nf3 d5 2. g3 Bg4 3. Bg2 c6 4. O-O Nd7 5. d3 e6 6. Nbd2 Bd6 7. h3 Bh5 8. e4 Ne7 9. b3 O-O 10. Bb2 Be5 $146 ({RR} 10... a5 11. a3 b5 12. g4 Bg6 13. e5 Bc7 14. Qe2 c5 15. Ne1 a4 16. f4 Ra6 17. Nef3 h6 18. c4 Rb6 19. b4 cxb4 20. axb4 bxc4 21. dxc4 Rxb4 22. Ba3 Rb8 23. Kh1 Nb6 24. Rad1 Bc2 25. Rc1 {Kengis,E (2470)-Smagin,S (2550) Nabereznye Chelny 1988 0-1 (39)}) ({RR} 10... e5 11. d4 f5 12. dxe5 Bxe5 13. Bxe5 Nxe5 14. exf5 Nxf3+ 15. Nxf3 Bxf3 16. Qxf3 Nxf5 17. Qd3 Qf6 18. c4 dxc4 19. Qxc4+ Qf7 20. Qc5 Qe7 21. Qxe7 Nxe7 22. Rfe1 Nf5 23. Rad1 Rad8 24. Rxd8 Rxd8 25. g4 {Movsesian,S (2711)-Fressinet,L (2658) Ohrid 2009 1-0 (62)}) ({RR} 10... a5 11. a3 Qb6 12. Qe1 Rae8 13. Kh1 e5 14. Nh2 f6 15. f4 exf4 16. gxf4 Qc7 17. Qh4 Bf7 18. e5 fxe5 19. f5 Kh8 20. Ng4 Ng8 21. Nf3 Ndf6 22. Ng5 h6 23. Rae1 Nxg4 24. hxg4 Qd8 25. Bc1 {Gubajdullin,A (2238)-Filgueira,H (2283) chess.com INT 2024 1-0 (34)}) ({RR} 10... a5 11. a3 b5 12. Qe1 a4 13. b4 Qb8 14. Nh4 f6 15. exd5 exd5 16. Qe6+ Bf7 17. Qxd7 h5 18. Nf5 Nxf5 19. Qxf5 h4 20. Qg4 hxg3 21. Bxf6 gxf2+ 22. Rxf2 g6 23. Qh4 {1-0 (23) Grigoryan,K (2602)-Hovhannisyan,R (2624) Yerevan 2015}) ({RR} 10... Rc8 11. Qe1 {½-½ (11) Wilder,M (2540)-Van der Wiel,J (2560) Haninge 1989}) 11. d4 Bc7 12. Qe1 a5 13. a3 dxe4 14. Nxe4 a4 15. b4 b5 16. Nc5 Nd5 17. Nxd7 Qxd7 18. Rc1 Bg6 19. Qe2 Nb6 20. Nd2 Rac8 21. c4 bxc4 22. Nxc4 Nxc4 23. Qxc4 Bb6 24. Bxc6 Qd6 25. b5 Rfd8 26. Qxa4 h5 27. h4 Bf5 28. Qb3 Bxd4 29. Bxd4 Qxd4 30. a4 e5 31. a5 Bd3 32. Rfe1 Rd6 33. Rcd1 Rf6 34. Re3 e4 35. Bxe4 Qxe3 36. fxe3 Bxe4 37. Qb4 Re6 38. b6 Rc2 39. Rd2 Rc1+ 40. Kf2 Rf6+ 41. Ke2 Bf3+ 42. Kd3 Rc8 43. e4 Bg4 44. b7 Rb8 45. e5 Re6 46. Kd4 Bf3 47. Rb2 Rxb7 48. Qxb7 Bxb7 49. Rxb7 Ra6 50. Rb5 Rg6 51. Rb3 Ra6 52. Ra3 Kf8 53. Kc5 Ke7 54. Kb5 Re6 55. a6 Rxe5+ 56. Kb6 Re6+ 57. Kb7 Kf6 58. a7 Re7+ 59. Kc6 Re8 60. a8=Q Rxa8 61. Rxa8 Kf5 62. Ra4 f6 63. Kd5 g5 64. Rb4 gxh4 65. gxh4 1-0